00388nam a2200157Ia 45000010006000000050017000060080041000230410008000640820015000721000033000872450057001202600009001773000028001866500008002146540008002222093420260306172842.0260306t2013||||xx |||||||||||||| ||spa|| aESP a343.8bP28 aPatón García, GemmaeAUT 0aLa aplicación del principio de igualdad tributaria c2013 a209 páginas :c24 cm. aGEN aCCO